000 00681nam a2200265Ia 4500
005 20260121172705.0
008 008 260114s9999 xx 000 0 eng d
020 _a9783030792213
037 _aEBOOK
040 _aCRL
040 _beng
040 _cCRL
041 _2eng
041 _aeng
084 _qCRL
100 _aJeffrey Demsky
_91091529
245 0 _aNazi and Holocaust Representations in Anglo-American Popular Culture, 1945–2020
260 _bSpringer
260 _bSpringer
260 _c2021
856 _uhttps://link.springer.com/openurl?genre=book&isbn=978-3-030-79221-3
942 _cEBOOK
999 _c1657269
_d1657269